U.S. State by Nickname Description - Statistics

General Stats
  • This quiz has been taken 14 times
  • The average score is 48 of 100
Answer Stats
Hint Answer % Correct
Refers to the Gold Rush of 1848, which attracted thousands of prospectors and settlers seeking fortune. The nickname symbolizes wealth, opportunity, and the state's natural beauty, particularly its ______ poppy flower, which is also the state flower. California
100%
Aptly named for this state was the first of the thirteen original colonies to ratify the United States Constitution, highlighting its pivotal role in the founding of the nation. Delaware
64%
Refers to the settlers who entered the unassigned lands before the official opening in the Land Run of 1889, known as _______. Oklahoma
64%
Originated during the War of 1812 when many citizens of this state volunteered to serve in the military, particularly under Andrew Jackson at the Battle of New Orleans. Tennessee
64%
Reflects the state's historical and religious significance. The term "Deseret", which means honeybee, was used by early settlers to describe the area. The _______ symbolizes industry, hard work, and community; values that are central to this state's culture and history. The Beehive State
64%
Refers to the Gold Rush of 1848, which attracted thousands of prospectors and settlers seeking fortune. The nickname symbolizes wealth, opportunity, and the state's natural beauty, particularly its ______ poppy flower, which is also the state flower. The Golden State
64%
Reflects the state's historical and religious significance. The term "Deseret", which means honeybee, was used by early settlers to describe the area. The _______ symbolizes industry, hard work, and community; values that are central to this state's culture and history. Utah
64%
Originated from the state's prominent Green Mountains, which run north to south through it. Vermont
64%
Reflecting its vast, uncharted wilderness and the idea that it represents the last major area of the United States to be settled. The nickname emphasizes the state's rugged landscape and remote location Alaska
55%
Highlights the states abundant sunshine and warm climate. Reflects its appeal as a tourist industry, its thriving citrus industry, and its generally sunny weather. Florida
55%
_____ embodies the spirit of love, compassion, and hospitality that characterizes this state's culture. It signifies mutual regard and affection, making it a fitting representation of the islands' welcoming nature. Hawaii
55%
Honors Abraham Lincoln, who lived in the state from 1830-1861. Illinois
55%
Is a tribute to Chief Black Hawk and inspired by the character Hawkeye from James Fenimore Cooper's novel, "The Last of the Mohicans". Iowa
55%
Reflects the rich agricultural heritage and the prevalence of _________ that grows in the state's fertile soil, especially in its historical association with horse breeding and racing. Kentucky
55%
Honors Abraham Lincoln, who lived in the state from 1830-1861. Land of Lincoln
55%
Derived from the brown pelican, which is the state bird. Symbolizes the state's commitment to wildlife conservation and its rich natural resources. Louisiana
55%
Named due to the state's vast forests, which cover a significant portion of the state and include over 17 million acres of trees, particularly the white pine. Reflects the state's historical and ongoing importance in the lumber industry. Maine
55%
References the numerous large bays along this state's coastline (including Cape Cod Bay and Buzzards Bay). These bays were historically significant for trade and economic activity during the colonial period, helping to shape the state's early development and maritime culture. Massachusetts
55%
Highlights its unique geographical location along four of the five Great Lakes. Also symbolizes the states reliance on its waterways for commerce, transportation, and recreation, shaping its culture, economy, and settlement pattern. Michigan
55%
Reflects the state's position as one of the northernmost in the continental United States. Its nickname also symbolizes guidance and navigation, reflecting the state's historical significance as a gateway for exploration and settlement. Minnesota
55%
Due to the abundance of this tree and flower throughout the state, which are also the official tree and flower. Reflects the natural beauty and southern charm of the state. Mississippi
55%
The origin of this nickname is unclear, but it emphasizes the practical, no-nonsense attitude (with a desire for evidence and clarity) that has become a defining part of this state's identity. Missouri
55%
Reflects the state's rich mining history, particularly the significance of silver mining in the state's early economy. Nevada
55%
Portrays its historic granite quarries and the rock-ribbed landscape that characterizes much of the state. New Hampshire
55%
Due to its stunning natural scenery, rich cultural heritage, and unique blend of European American, Native American, and Mexican influences. New Mexico
55%
Reflects the grandeur and wealth of the state, often associated with the state's significant contributions to the economy and culture of the United States. New York
55%
Derived from the historical significance of _______ in the fur trade during the 19th century. This is also the state animal and is feature on the Oregon state flag and is the mascot of Oregon State University. Oregon
55%
Reflects the state's central location among the original 13 colonies and its crucial role in the economic, social, and political development of the United States. Pennsylvania
55%
Highlights the states extensive coastline of over 400 miles and its maritime heritage, including beautiful beaches and bays. Rhode Island
55%
Officially recognizes this iconic national memorial located in the Black Hills region (it is a monumental sculpture carved into granite, featuring the faces of four former presidents). South Dakota
55%
Derived from the single star on the state's flag, representing the state's independence and pride and symbolizes the unity and solidarity of the people. Texas
55%
Reflects that state's admission to the Union in 1876, 100 years after the signing of the Declaration of Independence. The Centennial State
55%
Reflects the grandeur and wealth of the state, often associated with the state's significant contributions to the economy and culture of the United States. The Empire State
55%
Aptly named for this state was the first of the thirteen original colonies to ratify the United States Constitution, highlighting its pivotal role in the founding of the nation. The First State
55%
Portrays its historic granite quarries and the rock-ribbed landscape that characterizes much of the state. The Granite State
55%
Originated from the state's prominent Green Mountains, which run north to south through it. The Green Mountain State
55%
Is a tribute to Chief Black Hawk and inspired by the character Hawkeye from James Fenimore Cooper's novel, "The Last of the Mohicans". The Hawkeye State
55%
Reflects the state's central location among the original 13 colonies and its crucial role in the economic, social, and political development of the United States. The Keystone State
55%
Derived from the single star on the state's flag, representing the state's independence and pride and symbolizes the unity and solidarity of the people. The Lone Star State
55%
Derived from the brown pelican, which is the state bird. Symbolizes the state's commitment to wildlife conservation and its rich natural resources. The Pelican State
55%
Reflects the state's rich mining history, particularly the significance of silver mining in the state's early economy. The Silver State
55%
Refers to the settlers who entered the unassigned lands before the official opening in the Land Run of 1889, known as _______. The Sooner State
55%
Due to the widespread growth of __________, which is also the state flower. It symbolizes the state's natural beauty and agricultural heritage, reflecting the sunny landscapes and vibrant prairies it is known for. The Sunflower State
55%
Highlights the states abundant sunshine and warm climate. Reflects its appeal as a tourist industry, its thriving citrus industry, and its generally sunny weather. The Sunshine State
55%
Originated during the War of 1812 when many citizens of this state volunteered to serve in the military, particularly under Andrew Jackson at the Battle of New Orleans. The Volunteer State
55%
Reflects the state's historical significance as the first permanent English colony in America, established in 1607 with the founding of Jamestown. Virginia
55%
Due to the extensive Appalachian Mountains that run through the eastern part of the state, giving it the highest elevation of any state east of the Mississippi River. Reflects the state's rugged terrain and scenic landscapes, which are central to its identity. West Virginia
55%
Reflects the state's history of advocating for equal rights, particularly in relation to women's suffrage. Wyoming
55%
Pays homage to this geographical feature, a UNESCO World Heritage Site, and one of the Seven Natural Wonders of the World. Arizona
45%
Highlights this state's abundant natural beauty and stunning and diverse geography, including its 52 state parks and 7 national park sites. Arkansas
45%
Reflects that state's admission to the Union in 1876, 100 years after the signing of the Declaration of Independence. Colorado
45%
Honors the Fundamental Orders of 1638-1639, which are considered by many historians to be one of the first written constitutions in history. Connecticut
45%
Reflects the state's association with the cultivation of this fruit and the abundance of its trees in the region. Georgia
45%
Due to the widespread growth of __________, which is also the state flower. It symbolizes the state's natural beauty and agricultural heritage, reflecting the sunny landscapes and vibrant prairies it is known for. Kansas
45%
Reflects the state's significant corn production, which is a vital part of its agriculture. Nebraska
45%
Reflects the state's long history of agriculture and its diverse landscape that supports abundant gardens and farms. New Jersey
45%
Earned this nickname due to the states historical prominence in producing naval stores, such as tar, pitch, rosin, and turpentine from its extensive pine forests. The sticky residue would often get stuck to the bare feet of the industry workers. North Carolina
45%
Inspired by the International Peace Garden located on the border between this state and Canada. North Dakota
45%
Named due to the abundance of the _______ tree, which is the official state tree. Ohio
45%
_____ embodies the spirit of love, compassion, and hospitality that characterizes this state's culture. It signifies mutual regard and affection, making it a fitting representation of the islands' welcoming nature. The Aloha State
45%
References the numerous large bays along this state's coastline (including Cape Cod Bay and Buzzards Bay). These bays were historically significant for trade and economic activity during the colonial period, helping to shape the state's early development and maritime culture. The Bay State
45%
Derived from the historical significance of _______ in the fur trade during the 19th century. This is also the state animal and is feature on the Oregon state flag and is the mascot of Oregon State University. The Beaver State
45%
Reflects the rich agricultural heritage and the prevalence of _________ that grows in the state's fertile soil, especially in its historical association with horse breeding and racing. The Bluegrass State
45%
Honors the Fundamental Orders of 1638-1639, which are considered by many historians to be one of the first written constitutions in history. The Constitution State
45%
Reflects the state's significant corn production, which is a vital part of its agriculture. The Cornhusker State
45%
Reflects the states abundant evergreen forests, which define the state's lush landscape. The Evergreen State
45%
Pays homage to this geographical feature, a UNESCO World Heritage Site, and one of the Seven Natural Wonders of the World. The Grand Canyon State
45%
Reflecting its vast, uncharted wilderness and the idea that it represents the last major area of the United States to be settled. The nickname emphasizes the state's rugged landscape and remote location The Last Frontier
45%
Due to the abundance of this tree and flower throughout the state, which are also the official tree and flower. Reflects the natural beauty and southern charm of the state. The Magnolia State
45%
Due to the extensive Appalachian Mountains that run through the eastern part of the state, giving it the highest elevation of any state east of the Mississippi River. Reflects the state's rugged terrain and scenic landscapes, which are central to its identity. The Mountain State
45%
Officially recognizes this iconic national memorial located in the Black Hills region (it is a monumental sculpture carved into granite, featuring the faces of four former presidents). The Mount Rushmore State
45%
Reflects the state's position as one of the northernmost in the continental United States. Its nickname also symbolizes guidance and navigation, honoring the state's historical significance as a gateway for exploration and settlement. The North Star State
45%
Reflects the state's association with the cultivation of this fruit and the abundance of its trees in the region. The Peach State
45%
The origin of this nickname is unclear, but it emphasizes the practical, no-nonsense attitude (with a desire for evidence and clarity) that has become a defining part of this state's identity. The Show-Me State
45%
Earned this nickname due to the states historical prominence in producing naval stores, such as tar, pitch, rosin, and turpentine from its extensive pine forests. The sticky residue would often get stuck to the bare feet of the industry workers. The Tar Heel State
45%
Reflects the states abundant evergreen forests, which define the state's lush landscape. Washington
45%
Highlights the state's rich natural resources, including gemstones and minerals like garnets, opals and jasper. Is also home to the rare Star Garnet, which is designated as the state gem. Idaho
36%
The origin of this nickname is unclear and disputed, but historically implied a frontier roughness and independence. Now it has become a positive symbol of the state's identity, conveying friendliness, neighborliness, and pride in its landscape and way of life. Indiana
36%
Honors the courage and discipline of the ________ ____, this state's troops who served with distinction during the Revolutionary War and are remembered for their contribution to the Continental Army's success. Maryland
36%
Reflects its rich abundance of mineral resources. Montana
36%
Reflects the state's historical significance as the first permanent English colony in America, established in 1607 with the founding of Jamestown. Old Dominion
36%
Derived from the Sabal ________ tree, which is a symbol of the state and appears on its flag. The nickname honors this tree's significance during the Revolutionary War, where it was used in the construction of fortifications. South Carolina
36%
Named due to the abundance of the _______ tree, which is the official state tree. The Buckeye State
36%
Reflects the state's history of advocating for equal rights, particularly in relation to women's suffrage. The Equality State
36%
Reflects the state's long history of agriculture and its diverse landscape that supports abundant gardens and farms. The Garden State
36%
Highlights the state's rich natural resources, including gemstones and minerals like garnets, opals and jasper. Is also home to the rare Star Garnet, which is designated as the state gem. The Gem State
36%
Highlights its unique geographical location along four of the five Great Lakes. Also symbolizes the states reliance on its waterways for commerce, transportation, and recreation, shaping its culture, economy, and settlement pattern. The Great Lake State
36%
The origin of this nickname is unclear and disputed, but historically implied a frontier roughness and independence. Now it has become a positive symbol of the state's identity, conveying friendliness, neighborliness, and pride in its landscape and way of life. The Hoosier State
36%
Due to its stunning natural scenery and diverse landscapes, rich cultural heritage, and unique blend of European American, Native American, and Mexican influences. The Land of Enchantment
36%
Highlights the states extensive coastline of over 400 miles and its maritime heritage, including beautiful beaches and bays. The Ocean State
36%
Derived from the Sabal ________ tree, which is a symbol of the state and appears on its flag. The nickname honors this tree's significance during the Revolutionary War, where it was used in the construction of fortifications. The Palmetto State
36%
Named due to the state's vast forests, which cover a significant portion of the state and include over 17 million acres of trees, particularly the white pine. Reflects the state's historical and ongoing importance in the lumber industry. The Pine Tree State
36%
Rooted in the state's rich lead mining history; in the early 1800s miners flocked to the region in search of lead ore. Due to lack of time and resources to build proper homes, the miners dug temporary shelters into the hillsides, similar to the burrows made by _______. Wisconsin
36%
Named after the northern flicker woodpecker, which is also the state bird. The nickname originated during the Civil War when soldiers from this state wore uniformed rimmed with yellow cloth, earning them the nickname ____________. Alabama
27%
Rooted in the state's rich lead mining history; in the early 1800s miners flocked to the region in search of lead ore. Due to lack of time and resources to build proper homes, the miners dug temporary shelters into the hillsides, similar to the burrows made by _______. The Badger State
27%
Highlights this state's abundant natural beauty and stunning and diverse geography, including its 52 state parks and 7 national park sites. The Natural State
27%
Honors the courage and discipline of the ________ ____, this state's troops who served with distinction during the Revolutionary War and are remembered for their contribution to the Continental Army's success. The Old-Line State
27%
Inspired by the International Peace Garden located on the border between this state and Canada. The Peace Garden State
27%
Named after the northern flicker woodpecker, which is also the state bird. The nickname originated during the Civil War when soldiers from this state wore uniformed rimmed with yellow cloth, earning them the nickname ____________. The Yellowhammer State
27%
Reflects its rich abundance of mineral resources. The Treasure State
9%
No matching quizzes found
Score Distribution
Percent of People with Each Score
Percentile by Number Answered
Your Score History
You have not taken this quiz